000 00640nam a22002417a 4500
003 URS
005 20250828100457.0
008 250318b ||||| |||| 00| 0 eng d
020 _a60449276
040 _cURS
050 _aLB1025.2
_b.O75 1990
100 1 _92362
_aOrnstein, Allan C.,
245 _aStrategies for Effective Teaching
264 _c©1990
300 _a634 pages.,:
_c23 cm.
336 _2rdacontent
_atext
337 _2rdamedia
_aunmediated
338 _2rdacarrier
_avolume
650 0 _91547
_aClassroom management
650 0 _92365
_aLesson planning
650 0 _911381
_aTeachers
_xTraining of
942 _2lcc
_cR
999 _c84772
_d84770